UFC: Most Consecutive Wins - Statistics

General Stats
  • This quiz has been taken 448 times
    21 since last reset
  • The average score is 13 of 18
Answer Stats
Country Division Start End Wins Answer % Correct
RUS LW 2016 2025* 16 Islam Makhachev
95%
USA LHW 2010 2024 19 Jon Jones
95%
NGA WW 2015 2021 15 Kamaru Usman
95%
RUS LW 2012 2020 13 Khabib Nurmagomedov
95%
AUS FTW 2016 2022 12 Alexander Volkanovski
90%
BRA MW 2006 2012 16 Anderson Silva
90%
CAN WW/MW 2007 2017 13 Georges St-Pierre
90%
GEO BW 2018 2025 15 Merab Dvalishvili
90%
BRA LW 2018 2022* 11 Charles Oliveira
80%
USA FW 2012 2017 13 Demetrious Johnson
80%
BRA W-FTW/W-BW 2015 2021 12 Amanda Nunes
75%
USA FTW 2014 2018 13 Max Holloway
75%
ENG WW 2016 2023 12 Leon Edwards
65%
NZ LHW 2022 2026* 10 Carlos Ulberg
40%
USA LW 2013 2019 12 Tony Ferguson
40%
ENG FTW 2015 2022 10 Arnold Allen
25%
RUS LW 2019 2026* 10 Movsar Evloev
25%
USA WW 2019 2024 10 Belal Muhammad
5%
No matching quizzes found
Score Distribution
Percent of People with Each Score
Percentile by Number Answered
Your Score History
You have not taken this quiz since the last reset